000 00751nam a2200193Ia 4500
003 GCL
008 140319s9999 xx 000 0 ara d
040 _aGCL /
_cGCL
082 0 4 _a920.71
_bم ع
100 1 _aمحمد على الهاشمى
245 1 0 _aعدى بن زيد العبادى الشاعر المبتكر: دراسة تحليلية لشخصيته وشعره تناولت بيئة الشاعر وحياته واغراضه وفنه /
_cمحمد على الهاشمى
300 _a322 ص
490 _aالهيئة العامة للاستعلامات
_v0
650 0 4 _aالشعر العربى
650 0 4 _aالشعراء - تراجم
650 0 4 _aعدى بن زيد
650 0 4 _aعدى بن زيد العبادى
942 _2ddc
_cBK
999 _c47295
_d47295